| 000 | 00515nam a2200205Ia 4500 | ||
|---|---|---|---|
| 003 | OSt | ||
| 005 | 20220926044545.0 | ||
| 006 | a|||||r|||| 00| 0 | ||
| 007 | ta | ||
| 008 | 220923b |||||||| |||| 00| 0 eng d | ||
| 037 | _cGeneral Book | ||
| 040 |
_aRTL _cRTL _beng |
||
| 041 |
_2eng _aeng |
||
| 082 | _aU8.251.N, E1 | ||
| 245 | 0 |
_aALL ABOUT Delhi _b An exaustive hand-book |
|
| 260 | _c1911 | ||
| 650 |
_aTravels _9238248 |
||
| 942 |
_hU8.251.N, E1 _cGB _2CC |
||
| 999 |
_c675204 _d675204 |
||